NLSUI OPAC header image

The Weapon of the other: Dalit Bahujan writings & the Remaking of Indian Nationalist thought (Record no. 120706)

MARC details
000 -LEADER
fixed length control field 00326nam a2200109Ia 4500
100 ## - MAIN ENTRY--PERSONAL NAME
Personal name Kancha Ilaiah
245 #4 - TITLE STATEMENT
Title The Weapon of the other: Dalit Bahujan writings & the Remaking of Indian Nationalist thought
264 ## - PRODUCTION, PUBLICATION, DISTRIBUTION, MANUFACTURE, AND COPYRIGHT NOTICE
Name of producer, publisher, distributor, manufacturer Pearson
Date of production, publication, distribution, manufacture, or copyright notice 2010
300 ## - PHYSICAL DESCRIPTION
Extent 230
942 ## - ADDED ENTRY ELEMENTS (KOHA)
Koha item type CSSEIP Office Library Collection
Holdings
Withdrawn status Lost status Damaged status Not for loan Home library Current library Shelving location Date acquired Total Checkouts Barcode Date last seen Price effective from Koha item type
      Not For Loan . . CSSEIP Office Library - Gandhian Studies 23.06.2020   G0057 23.06.2020 23.06.2020 CSSEIP Office Library Collection